Poverty Reduction and Growth Trust : Borrowing Agreement with the Bank of Italy.

On April 18, 2011, the Fund, as Trustee of the Poverty Reduction and Growth Trust (PRGT), entered into a borrowing agreement (the 'Agreement') with the Bank of Italy, by which Italy will provide new loan resources of up to SDR 800 million (see attachment). With this Agreement, the Fund has...

Ful tanımlama

Detaylı Bibliyografya
Müşterek Yazar: International Monetary Fund
Materyal Türü: Dergi
Dil:English
Baskı/Yayın Bilgisi: Washington, D.C. : International Monetary Fund, 2011.
Seri Bilgileri:Policy Papers; Policy Paper ; No. 2011/016
Konular:
Online Erişim:Full text available on IMF
LEADER 01772cas a2200313 a 4500
001 AALejournalIMF020071
008 230101c9999 xx r poo 0 0eng d
020 |c 5.00 USD 
020 |z 9781498338899 
022 |a 2663-3493 
040 |a BD-DhAAL  |c BD-DhAAL 
110 2 |a International Monetary Fund. 
245 1 0 |a Poverty Reduction and Growth Trust :   |b Borrowing Agreement with the Bank of Italy. 
264 1 |a Washington, D.C. :  |b International Monetary Fund,  |c 2011. 
300 |a 1 online resource (7 pages) 
490 1 |a Policy Papers 
500 |a <strong>Off-Campus Access:</strong> No User ID or Password Required 
500 |a <strong>On-Campus Access:</strong> No User ID or Password Required 
506 |a Electronic access restricted to authorized BRAC University faculty, staff and students 
520 3 |a On April 18, 2011, the Fund, as Trustee of the Poverty Reduction and Growth Trust (PRGT), entered into a borrowing agreement (the 'Agreement') with the Bank of Italy, by which Italy will provide new loan resources of up to SDR 800 million (see attachment). With this Agreement, the Fund has concluded eleven new borrowing agreements providing total resources of SDR 8,461 million in the context of the current fund-raising effort, which supports the reform of the Fund's lending facilities for low-income countries that became effective on January 7, 2010. 
538 |a Mode of access: Internet 
650 7 |a Agreement  |2 imf 
650 7 |a Borrowing Agreement  |2 imf 
650 7 |a Fund  |2 imf 
650 7 |a PP  |2 imf 
650 7 |a SDR  |2 imf 
651 7 |a Italy  |2 imf 
830 0 |a Policy Papers; Policy Paper ;  |v No. 2011/016 
856 4 0 |z Full text available on IMF  |u http://elibrary.imf.org/view/journals/007/2011/016/007.2011.issue-016-en.xml  |z IMF e-Library